| 000 | 00708cam a22002414a 4500 | ||
|---|---|---|---|
| 999 |
_c1488 _d1488 |
||
| 001 | 14604 | ||
| 003 | BD-DhUAP | ||
| 005 | 20200209101521.0 | ||
| 008 | 200209s1998 bg w 000 0 eng | ||
| 040 |
_aBD-DhUAP _cBD-DhUAP _dBD-DhUAP _bEng |
||
| 082 |
_223 _a345.05 AHM |
||
| 100 | _aAhmad, Sultan. | ||
| 245 |
_aThe law of anticipatory bail / _cSultan Ahmad. |
||
| 250 | _a1st ed. | ||
| 260 |
_aDhaka : _bAnupam Gyan Bhandar, _cc1998. |
||
| 300 |
_axxiv, 100 pages ; _c22 cm. |
||
| 650 | 0 |
_aCriminal procedure _zBangladesh _vDigests. |
|
| 650 | 0 | _aArrest | |
| 650 | 0 | _aBail. | |
| 906 |
_a7 _bcbc _corigode _d2 _encip _f20 _gy-gencatlg |
||
| 942 |
_2ddc _cBK |
||